Former French Colonies and Possessions - Statistics

General Stats
  • This quiz has been taken 30 times
    29 since last reset
  • The average score is 28 of 66
Answer Stats
Answer % Correct
Algeria
86%
Canada
86%
Morocco
81%
Vietnam
81%
Mali
76%
Senegal
76%
USA
76%
Cambodia
71%
India
71%
Laos
71%
Niger
71%
Tunisia
71%
Burkina Faso
67%
Central African Republic
67%
Chad
67%
Gabon
67%
Guinea
67%
Lebanon
67%
Togo
67%
Comoros
62%
Mauritania
62%
Syria
62%
Benin
57%
Cameroon
57%
Djibouti
57%
Ivory Coast
57%
Madagascar
57%
Republic of the Congo
57%
China
52%
Mexico
48%
Seychelles
48%
Guyanna
43%
Mauritius
43%
Brazil
38%
Dominican Republic
38%
Sudan
38%
Suriname
38%
Gambia
33%
Saint Lucia
33%
Somalia
33%
South Sudan
33%
Egypt
29%
Saint Vincent and the Grenadines
29%
Antigua and Barbuda
24%
Australia
24%
Dominica
24%
Martinique
24%
São Tomé and Príncipe
24%
Argentina
19%
Grenada
19%
Guadeloupe
19%
New Caledonia
19%
Réunion
19%
St Martin
19%
Mayotte
14%
Papua New Guinea
14%
Polynesia
14%
Sri Lanka
14%
Wallis and Futuna
14%
Chile
10%
Israel
10%
Saint Barthélemy
10%
Yemen
10%
Saint Pierre and Miquelon
5%
Taiwan
5%
Lybia
0%
No matching quizzes found
Score Distribution
Percent of People with Each Score
Percentile by Number Answered
Your Score History
You have not taken this quiz since the last reset